Statistical research methods in the life of science
Αποθηκεύτηκε σε:
| Κύριος συγγραφέας: | |
|---|---|
| Μορφή: | Βιβλίο |
| Γλώσσα: | English |
| Δημοσίευση: |
Pacific Grove :
Duxburg,
1998
|
| Θέματα: | |
| Ετικέτες: |
Προσθήκη ετικέτας
Δεν υπάρχουν, Καταχωρήστε ετικέτα πρώτοι!
|
MARC
| LEADER | 00000nam a2200000 i 4500 | ||
|---|---|---|---|
| 001 | 1/88080 | ||
| 008 | 990805s1998 eng d | ||
| 020 | |a 0-534-93141-3 | ||
| 035 | |l 10052449 | ||
| 040 | |a GR-MY-UA |b gre |e aacr | ||
| 041 | 0 | |a eng | |
| 082 | 0 | |a 570.72 | |
| 100 | 1 | |a Rao, P. V. |q (Pejaver Vishwamber) |d 1935- | |
| 245 | 1 | 0 | |a Statistical research methods in the life of science / |c P. V. Rao |
| 260 | |a Pacific Grove : |b Duxburg, |c 1998 | ||
| 300 | |a 889 p. |b tables |e 1 computer disk (3 1/2 in.) | ||
| 504 | |a Includes index | ||
| 650 | 0 | 0 | |a Life sciences |x Statistical methods. |
| 852 | |a INST |b LESVOS |e 19990805 |h 570.72 RAO |p 005100015877 |q 005100015877 |t BK |y 0 | ||
| 852 | |a INST |b LESVOS |e 19990805 |h 570.72 RAO |p 005100015876 |q 005100015876 |t BK |y 0 | ||
| 901 | |a BIBL1-1999-2 | ||
| 909 | |a Λ |b 066846 | ||
| 909 | |a Λ |b 066954 | ||
| 922 | |a 1ΕΛΗ |b 199907 |c ΚΠΣ/ΠΜΣ |d ΠΑΠΑΣΩΤΗΡΙΟΥ | ||
| 950 | |a 157-1999-05-18 | ||
| 970 | |z 1999/08/05 |a ΚΑΜΑΤΣΟΥ |b ΔΕΣΠΟΙΝΑ | ||